LEADER 00885nam a2200241 i 4500 001 000000137523 003 CaOOAMICUS 005 20240513163351.0 008 050414s1966 it u000 u ita u 013 $a111313 040 $aSeMil$bita 100 1 $aHamsun, Knut,$d<1859-1952>.$0(OLS)http://semarc/name/54311 245 12$aI frutti della terra /$cKnut Hamsun. 260 $aRoma :$bCasini,$c1966. 300 $a359 p. ;$c18 cm. 490 0 $aI libri del sabato ;$v25 830 2$aI libri del sabato ;$v25.$0(OLS)http://semarc/title/17673 850 $aSeMil 852 $aSeMil$W1$xVenegono$y1$m883 3 25 *$j91068$B91068$CSeMilBibl$Z2$F95892 $81 961 $aRecupero: Biblioteca Seminario Seveso (fino al 1985) 996 $6245$aI frutti della terra$9(OLS)http://semarc/title/200939 996 $6260$aRoma :$bCasini$9(OLS)http://semarc/publisher/33129 LEADER 01276nam a2200289 i 4500 001 000000112085 003 CaOOAMICUS 005 20030206000000.0 008 030206s1995 it u000 u ita u 013 $a84769 020 $a88-8049-030-3 040 $aSeMil$bita 100 1 $aCalzecchi Onesti, Rosa <1916-2011>.$0(OLS)http://semarc/name/90438 245 10$aInno akathistos alla Madre di Dio /$cnella versione di Rosa Calzecchi Onesti. 260 $aRimini :$bGuaraldi,$c1995. 300 $a127 p. :$bill. color. ;$c17 cm. 490 0 $aTesti sacri 500 $aAll'interno del risvolto della coperta : Partitura musicale dell'Inno Akąthistos. - In mezzo al front. : Appendice musicale. - Contiene : Testo greco a fronte. - Fondo Card. C.M. Martini. 650 4$aAkathistos.$0(OLS)http://semarc/subject/18996 830 0$aTesti sacri.$0(OLS)http://semarc/title/11339 850 $aSeMil 852 $aSeMil$W1$xVenegono$y1$m2L I 62$j67874$B67874$CSeMilBibl$Z2$F87124 $81 941 1 $a4 961 $aOmaggio: Martini Card. Carlo Maria 996 $6020$a88-8049-030-3$9(OLS)http://semarc/number/94540 996 $6245$aInno akathistos alla Madre di Dio$9(OLS)http://semarc/title/163343 996 $6260$aRimini :$bGuaraldi$9(OLS)http://semarc/publisher/32324